000 00375cam a2200169 4500
001 D12636
008 090401t1953 xxu||||| |||| 00| 0 eng d
035 _a(Sirsi) u4870
041 _aeng
100 _aDickson, W.F.
245 _aManual of valuation
260 _bWilliam Hodge and Co
_c1953
350 _a0
520 _aShelf 115
942 _n0
948 _c04/03/1997
999 _c86078
_d86078